Ilam, amal, zindhagi = علم، عمل، زندگی / (Record no. 132487)
[ view plain ]
| 000 -LEADER | |
|---|---|
| fixed length control field | 00495nam a22001577a 4500 |
| 005 - DATE AND TIME OF LATEST TRANSACTION | |
| control field | 20231208110501.0 |
| 008 - FIXED-LENGTH DATA ELEMENTS--GENERAL INFORMATION | |
| fixed length control field | 231208b ||||| |||| 00| 0 eng d |
| 020 ## - INTERNATIONAL STANDARD BOOK NUMBER | |
| International Standard Book Number | 9789699368875 |
| 040 ## - CATALOGING SOURCE | |
| Transcribing agency | PK-LaUMT |
| 082 ## - DEWEY DECIMAL CLASSIFICATION NUMBER | |
| Classification number | 297.4 |
| Item number | HAS-I |
| 100 ## - MAIN ENTRY--PERSONAL NAME | |
| Personal name | Hassan Sohaib Murad = حسن صہیب مراد |
| 245 ## - TITLE STATEMENT | |
| Title | Ilam, amal, zindhagi = علم، عمل، زندگی / |
| Statement of responsibility, etc | by Hassan Sohaib Murad = حسن صہیب مراد |
| 260 ## - PUBLICATION, DISTRIBUTION, ETC. (IMPRINT) | |
| Place of publication, distribution, etc | Lahore : |
| Name of publisher, distributor, etc | UMT Press, |
| Date of publication, distribution, etc | 2023 |
| 300 ## - PHYSICAL DESCRIPTION | |
| Extent | 200 p. |
| 942 ## - ADDED ENTRY ELEMENTS (KOHA) | |
| Koha item type | Books |
| Withdrawn status | Lost status | Damaged status | Home library | Current library | Date acquired | Full call number | Barcode | Date last seen | Price effective from | Koha item type | Copy number |
|---|---|---|---|---|---|---|---|---|---|---|---|
| UMT Main Campus | UMT Main Campus | 2023-12-08 | 297.4 HAS-I | 146004 | 2024-06-03 | 2023-12-08 | Books | ||||
| UMT Main Campus | UMT Main Campus | 2023-12-08 | 297.4 HAS-I | 146005 | 2026-05-12 | 2023-12-08 | Books | C.2 |
